Normal view
MARC view
- Syed Talha Habib
Entry Personal Name
001 - CONTROL NUMBER
- control field: 102077
003 - CONTROL NUMBER IDENTIFIER
- control field: NUST
005 - DATE AND TIME OF LATEST TRANSACTION
- control field: 20221101091631.0
008 - FIXED-LENGTH DATA ELEMENTS
- fixed length control field: 221101|| aca||aabn | a|a d
040 ## - CATALOGING SOURCE
- Original cataloging agency: NUST
- Transcribing agency: NUST
100 ## - HEADING--PERSONAL NAME
- Personal name: Syed Talha Habib
670 ## - SOURCE DATA FOUND
- Source citation: Work cat.: (NUST)13090: Syed Talha Habib, State of practice of information security management (pakistan's perspective) assessment and conclusion, 2014
